000 00401nam a2200145Ia 4500
008 220217s9999||||xx |||||||||||||| ||und||
020 _a978-81-203-1727-7
082 _a004.22 RAJ
100 _aRajaraman, V
245 0 _aAnalysis and design of information systems
250 _a2nd
260 _aPrentice hall of india
_bNew Delhi
_c2000
300 _b175
650 _aCOMPUTER ARCHITECTURE
999 _c180061
_d180061